000
00271nam a22001217a 4500
008
171104b xxu||||| |||| 00| 0 eng d
041
_a
eng
080
_a
339.138
100
_a
61
101
_a
MKT
245
_a
FUNDAMENTALS OF MARKETING
_c
STANTON, W.J
942
_2
udc
_c
BK
999
_c
37612
_d
37612